000 01044nam a2200301 i 4500
003 DO-SdBPM
005 20260225112908.0
006 a||||gr|||| 00| 0
007 ta
008 230621t2007 mx ad| 00| 0 spa d
020 _a 9789870006626
040 _aDO-SdBPM
_bspa
_cBPMSU
_erda
_d
082 0 4 _a361.3
_bA543i 2007
_222
100 1 _aAnder EGG, Ezequiel
_eautor
_4aut.
245 0 0 _a Introducción a la planificación estratégica /
_c Ezequiel Andr EGG
_b
264 _aBuenos Aires, Argentina
_b Grupo Editorial Lumen,
_c©2007
_b
_b
300 _a206 página :
_bIlustraciones, gráficas ;
_c23 cm.
336 _2rdaconten
_atexto
_btxt
337 _2rdamedia
_asin medición
_bn
338 _2rdacarrier
_avolumen
_bnc
490 0 _aPolítica, servicios y trabajos social
_v
500 _aIncluye datos biográficos en la solapa de la cubierta.
590 _aInventariado 2026/ VM
650 7 _aPlanificación estratégica
_2
650 7 _aTrabajo social
910 _aVMateo V. Control de calidad. BPMSU
942 _2ddc
_cBK
999 _c15735
_d15735